Trenerzy Zwycięzców Ligi Europy - Statystyki

Ogólne statystyki
  • Ten quiz został rozwiązany 44 razy
    17 od ostatniego zresetowania
  • Średni wynik to 12 z 16
Statystyki odpowiedzi
Sezon Klub Trener % Poprawnych
2016/17 Manchester United Jose Mourinho
100%
2020/21 Villarreal Unai Emery
100%
2015/16 Sevilla Unai Emery
100%
2014/15 Sevilla Unai Emery
100%
2013/14 Sevilla Unai Emery
100%
2017/18 Atletico Madryt Diego Simeone
92%
2011/12 Atletico Madryt Gregorio Manzano | Diego Simeone
92%
2024/25 Tottenham Ange Postecoglou
85%
2023/24 Atalanta Bergamo Gian Piero Gasperini
85%
2018/19 Chelsea Maurizio Sarri
77%
2010/11 FC Porto Andre Villas-Boas
69%
2022/23 Sevilla Jorge Sampaoli | Jose Luis Mendilibar
46%
2021/22 Eintracht Frankfurt Oliver Glasner
46%
2019/20 Sevilla Julen Lopetegui
38%
2012/13 Chelsea Rafa Benitez
38%
2009/10 Atletico Madryt Abel Resino | Quique Sanchez Flores
15%
Nie znaleziono quizów pasujących do podanych kryteriów
Rozkład punktacji
Procent ludzi z każdym wynikiem
Percentyl według liczby udzielonych odpowiedzi
Twoja historia wyników
Nie rozwiązałeś tego quizu od ostatniego zresetowania